[Event "Moscow Open 2018 F"]
[Site "?"]
[Date "2018.02.02"]
[Round "8.8"]
[White "Yakovlev, Egor"]
[Black "Thing, Bibek"]
[Result "1-0"]
[BlackElo "2252"]
[WhiteElo "2232"]
[LiveChessVersion "1.4.8"]

1. e4 c5 2. Nf3 {[%clk 1:26:53]} d6 {[%clk 1:27:44]} 3. d4 {[%clk 1:23:40]} cxd4
{[%clk 1:28:02]} 4. Nxd4 {[%clk 1:23:02]} Nf6 {[%clk 1:28:24]} 5. Nc3
{[%clk 1:23:29]} a6 {[%clk 1:28:47]} 6. h3 {[%clk 1:19:46]} h5 {[%clk 1:18:45]}
7. Bg5 {[%clk 1:19:07]} e6 {[%clk 1:19:03]} 8. f4 {[%clk 1:18:53]} Be7
{[%clk 1:15:19]} 9. Qf3 {[%clk 1:18:11]} Qc7 {[%clk 1:15:36]} 10. O-O-O
{[%clk 1:15:20]} Nc6 {[%clk 1:15:13]} 11. Nxc6 {[%clk 1:09:56]} Qxc6
{[%clk 1:14:06]} 12. e5 {[%clk 1:06:27]} Qxf3 {[%clk 1:11:26]} 13. gxf3
{[%clk 1:05:39]} dxe5 {[%clk 1:07:03]} 14. fxe5 {[%clk 1:05:09]} Nd5
{[%clk 1:03:25]} 15. Nxd5 {[%clk 1:00:51]} Bxg5+ {[%clk 0:58:25]} 16. f4
{[%clk 0:59:16]} Bd8 {[%clk 0:52:24]} 17. Nc3 {[%clk 0:59:02]} g5
{[%clk 0:50:24]} 18. Ne4 {[%clk 0:56:28]} gxf4 {[%clk 0:48:49]} 19. Nd6+
{[%clk 0:56:49]} Ke7 {[%clk 0:47:15]} 20. Bg2 {[%clk 0:56:16]} f6
{[%clk 0:32:15]} 21. Be4 {[%clk 0:47:40]} Bb6 {[%clk 0:25:04]} 22. Nc4
{[%clk 0:46:01]} Bf2 {[%clk 0:21:20]} 23. Rhf1 {[%clk 0:44:35]} Bg3
{[%clk 0:21:39]} 24. Rd3 {[%clk 0:44:36]} h4 {[%clk 0:20:10]} 25. Rc3
{[%clk 0:43:18]} Rb8 {[%clk 0:18:04]} 26. Rd1 {[%clk 0:42:10]} fxe5
{[%clk 0:12:45]} 27. Nxe5 {[%clk 0:42:28]} Rg8 {[%clk 0:05:27]} 28. Rc7+
{[%clk 0:38:27]} Kf6 {[%clk 0:05:52]} 29. Ng4+ {[%clk 0:38:51]} Rxg4
{[%clk 0:06:15]} 30. hxg4 {[%clk 0:39:18]} f3 {[%clk 0:05:46]} 31. Rc5
{[%clk 0:37:57]} Bf4+ {[%clk 0:04:38]} 32. Kb1 {[%clk 0:38:04]} f2
{[%clk 0:04:20]} 33. Rf1 {[%clk 0:36:15]} e5 {[%clk 0:04:19]} 34. Rxf2
{[%clk 0:34:07]} Bxg4 {[%clk 0:04:37]} 35. Rc7 {[%clk 0:33:33]} b6
{[%clk 0:03:53]} 36. Rc6+ {[%clk 0:33:43]} Kg5 {[%clk 0:04:06]} 37. Rg6+
{[%clk 0:32:33]} Kh5 {[%clk 0:04:35]} 38. Rg7 {[%clk 0:31:34]} h3
{[%clk 0:02:57]} 39. Bf3 {[%clk 0:31:13]} Bxf3 {[%clk 0:01:39]} 40. Rxf3
{[%clk 0:31:07]} Kh4 {[%clk 0:02:06]} 41. Rh7+ {[%clk 0:31:21]} Kg4
{[%clk 0:02:34]} 42. Rfxh3 {[%clk 0:30:56]} Re8 {[%clk 0:02:29]} 43. Rh1
{[%clk 0:30:01]} Re6 {[%clk 0:00:49]} 44. Rf7 {[%clk 0:29:44]} Kf3
{[%clk 0:00:32]} 45. c4 {[%clk 0:29:43]} Rg6 {[%clk 0:00:32]} 46. Re1
{[%clk 0:29:55]} Rg5 {[%clk 0:00:31]} 47. Kc2 {[%clk 0:29:12]} Rg2+
{[%clk 0:00:56]} 48. Kb3 {[%clk 0:29:32]} Rf2 {[%clk 0:01:10]} 49. Rxe5
{[%clk 0:29:35]} Kg3 {[%clk 0:00:59]} 50. Ref5 {[%clk 0:29:46]} Rf3+
{[%clk 0:01:02]} 51. Kc2 {[%clk 0:30:03]} Rf2+ {[%clk 0:01:22]} 52. Kd3
{[%clk 0:30:09]} Kg4 {[%clk 0:01:01]} 53. Rxf4+ {[%clk 0:30:24]} Rxf4
{[%clk 0:01:27]} 54. Rxf4+ {[%clk 0:30:50]} Kxf4 {[%clk 0:01:49]} 55. Ke4+ 1-0

[Event "Moscow Open 2018 F"]
[Site "?"]
[Date "2018.02.02"]
[Round "8.9"]
[White "Arutyunova, Asya"]
[Black "Bykova, Anastasia"]
[Result "1/2-1/2"]
[BlackElo "2226"]
[WhiteElo "2115"]
[LiveChessVersion "1.4.8"]

1. Nf3 {[%clk 1:11:59]} d5 {[%clk 1:30:55]} 2. c4 {[%clk 1:12:27]} c6
{[%clk 1:31:22]} 3. Qc2 {[%clk 1:12:53]} Nf6 {[%clk 1:31:47]} 4. g3
{[%clk 1:13:21]} g6 {[%clk 1:31:40]} 5. Bg2 {[%clk 1:13:48]} Bg7 {[%clk 1:31:55]}
6. O-O {[%clk 1:14:12]} O-O {[%clk 1:32:21]} 7. d3 {[%clk 1:14:23]} Nbd7
{[%clk 1:31:16]} 8. Nc3 {[%clk 1:13:43]} dxc4 {[%clk 1:30:05]} 9. dxc4
{[%clk 1:14:02]} e5 {[%clk 1:30:23]} 10. Rd1 {[%clk 1:14:15]} Qe7
{[%clk 1:29:36]} 11. e4 {[%clk 1:12:28]} a5 {[%clk 1:29:13]} 12. h3
{[%clk 1:12:04]} Nc5 {[%clk 1:25:26]} 13. Be3 {[%clk 1:07:15]} Nfd7
{[%clk 1:25:41]} 14. Na4 {[%clk 0:41:20]} f5 {[%clk 1:19:57]} 15. exf5
{[%clk 0:36:31]} gxf5 {[%clk 1:20:01]} 16. Re1 {[%clk 0:34:25]} e4
{[%clk 1:05:45]} 17. Bd4 {[%clk 0:23:45]} Nxa4 {[%clk 1:05:53]} 18. Qxa4
{[%clk 0:24:07]} Bxd4 {[%clk 1:01:51]} 19. Nxd4 {[%clk 0:24:32]} Qf6
{[%clk 1:02:02]} 20. Ne2 {[%clk 0:11:10]} Nc5 {[%clk 0:58:23]} 21. Qa3
{[%clk 0:10:59]} Nd3 {[%clk 0:58:39]} 22. Reb1 {[%clk 0:10:13]} Be6
{[%clk 0:53:06]} 23. b3 {[%clk 0:06:59]} Rfd8 {[%clk 0:43:43]} 24. Rd1
{[%clk 0:05:56]} Rd7 {[%clk 0:43:51]} 25. Rab1 {[%clk 0:05:30]} b6
{[%clk 0:35:48]} 26. Qa4 {[%clk 0:03:55]} Rad8 {[%clk 0:35:19]} 27. Rxd3
{[%clk 0:03:31]} exd3 {[%clk 0:34:08]} 28. Nf4 {[%clk 0:04:00]} d2
{[%clk 0:34:04]} 29. Rd1 {[%clk 0:04:20]} Qe5 {[%clk 0:32:30]} 30. Qxc6
{[%clk 0:03:16]} Qe1+ {[%clk 0:29:00]} 31. Kh2 {[%clk 0:03:44]} Bf7
{[%clk 0:19:28]} 32. Qf3 {[%clk 0:04:07]} Rd4 {[%clk 0:16:54]} 33. h4
{[%clk 0:03:46]} Re4 {[%clk 0:16:43]} 34. Nd3 {[%clk 0:02:55]} Rxd3
{[%clk 0:14:22]} 35. Qxd3 {[%clk 0:03:08]} Qxd1 {[%clk 0:13:40]} 36. Bxe4
{[%clk 0:03:25]} fxe4 {[%clk 0:10:00]} 37. Qd8+ {[%clk 0:03:52]} Kg7
{[%clk 0:10:26]} 38. Qg5+ {[%clk 0:04:18]} Bg6 {[%clk 0:09:07]} 39. Qe5+
{[%clk 0:03:43]} Kf7 {[%clk 0:08:41]} 40. Qd5+ {[%clk 0:02:15]} Ke7
{[%clk 0:08:47]} 41. Qe5+ {[%clk 0:02:39]} Kf8 {[%clk 0:07:55]} 42. Qf6+
{[%clk 0:02:55]} Kg8 {[%clk 0:08:18]} 43. Qd8+ {[%clk 0:03:07]} Kf7
{[%clk 0:08:14]} 44. Qd5+ {[%clk 0:03:28]} 1/2-1/2

[Event "Moscow Open 2018 F"]
[Site "?"]
[Date "2018.02.02"]
[Round "8.10"]
[White "Gorovenko, Darya"]
[Black "Antonov, Andrey P."]
[Result "1-0"]
[BlackElo "2176"]
[WhiteElo "2098"]
[LiveChessVersion "1.4.8"]

1. Nf3 {[%clk 1:24:06]} Nf6 {[%clk 1:29:31]} 2. g3 {[%clk 1:24:11]} g6
{[%clk 1:29:41]} 3. Bg2 {[%clk 1:24:35]} Bg7 {[%clk 1:30:08]} 4. O-O
{[%clk 1:24:56]} O-O {[%clk 1:30:35]} 5. d4 {[%clk 1:25:21]} c6 {[%clk 1:30:28]}
6. c4 {[%clk 1:25:42]} d6 {[%clk 1:30:53]} 7. Nc3 {[%clk 1:26:05]} Qa5
{[%clk 1:31:21]} 8. e4 {[%clk 1:24:35]} Bg4 {[%clk 1:29:27]} 9. h3
{[%clk 1:17:23]} Bxf3 {[%clk 1:29:27]} 10. Bxf3 {[%clk 1:17:47]} e5
{[%clk 1:29:55]} 11. d5 {[%clk 1:16:21]} cxd5 {[%clk 1:29:10]} 12. cxd5
{[%clk 1:16:22]} Nbd7 {[%clk 1:23:35]} 13. a3 {[%clk 1:13:33]} Rfc8
{[%clk 1:22:35]} 14. Be3 {[%clk 1:12:08]} a6 {[%clk 1:15:41]} 15. Qe2
{[%clk 1:06:27]} h5 {[%clk 1:07:05]} 16. Rfc1 {[%clk 1:02:19]} Kh7
{[%clk 1:04:47]} 17. g4 {[%clk 1:01:29]} hxg4 {[%clk 0:54:02]} 18. hxg4
{[%clk 1:01:53]} Rh8 {[%clk 0:44:01]} 19. g5 {[%clk 0:56:53]} Ne8
{[%clk 0:43:51]} 20. Bg4 {[%clk 0:57:05]} Qd8 {[%clk 0:43:58]} 21. Kg2
{[%clk 0:57:07]} Kg8 {[%clk 0:34:50]} 22. Rh1 {[%clk 0:57:27]} Nf8
{[%clk 0:28:06]} 23. Rxh8+ {[%clk 0:54:23]} Bxh8 {[%clk 0:28:12]} 24. Qd2
{[%clk 0:51:14]} Ng7 {[%clk 0:16:04]} 25. Rh1 {[%clk 0:48:22]} f5
{[%clk 0:14:52]} 26. gxf6 {[%clk 0:48:29]} Qxf6 {[%clk 0:15:15]} 27. f3
{[%clk 0:44:38]} Nh7 {[%clk 0:09:26]} 28. Rh6 {[%clk 0:39:59]} Qf7
{[%clk 0:05:36]} 29. Kg1 {[%clk 0:34:08]} Nf6 {[%clk 0:03:17]} 30. Qh2
{[%clk 0:34:21]} Nfh5 {[%clk 0:03:37]} 31. Ne2 {[%clk 0:34:43]} Rf8
{[%clk 0:01:19]} 32. Ng3 {[%clk 0:35:04]} b5 {[%clk 0:01:01]} 33. b4
{[%clk 0:27:33]} Qe8 {[%clk 0:00:53]} 34. Kf2 {[%clk 0:24:47]} Qf7
{[%clk 0:00:41]} 35. Nxh5 {[%clk 0:23:39]} gxh5 {[%clk 0:00:45]} 36. Rxh5
{[%clk 0:23:37]} Nxh5 {[%clk 0:00:34]} 37. Be6 {[%clk 0:24:02]} Qxe6
{[%clk 0:00:37]} 38. dxe6 {[%clk 0:24:26]} Nf6 {[%clk 0:00:35]} 39. Qg1+
{[%clk 0:23:52]} Kh7 {[%clk 0:00:56]} 40. Ke2 {[%clk 0:23:42]} Re8
{[%clk 0:00:42]} 41. Qh1+ {[%clk 0:22:46]} Kg8 {[%clk 0:00:53]} 42. Qc1
{[%clk 0:22:55]} Rxe6 {[%clk 0:00:41]} 43. Qc8+ {[%clk 0:23:18]} Re8
{[%clk 0:01:10]} 44. Qxa6 {[%clk 0:23:41]} d5 {[%clk 0:01:36]} 45. exd5
{[%clk 0:23:47]} Nxd5 {[%clk 0:02:01]} 46. Qg6+ {[%clk 0:23:52]} Kf8
{[%clk 0:02:29]} 47. Bc5+ {[%clk 0:19:54]} Ne7 {[%clk 0:02:55]} 48. Qe6
{[%clk 0:19:28]} Ng8 1-0

[Event "Moscow Open 2018 F"]
[Site "?"]
[Date "2018.02.02"]
[Round "8.11"]
[White "Badalyan, Shavarsh"]
[Black "Klimov, Ivan"]
[Result "1-0"]
[BlackElo "2104"]
[WhiteElo "2172"]
[LiveChessVersion "1.4.8"]

1. d4 {[%clk 1:29:39]} d6 {[%clk 1:30:55]} 2. Nf3 {[%clk 1:29:57]} Bg4
{[%clk 1:31:00]} 3. e4 {[%clk 1:28:42]} Nd7 {[%clk 1:31:21]} 4. Be2
{[%clk 1:29:01]} Ngf6 {[%clk 1:31:17]} 5. Nc3 {[%clk 1:26:28]} e5
{[%clk 1:31:40]} 6. O-O {[%clk 1:25:17]} Be7 {[%clk 1:32:00]} 7. Be3
{[%clk 1:23:30]} O-O {[%clk 1:31:16]} 8. h3 {[%clk 1:21:31]} Bxf3
{[%clk 1:31:02]} 9. Bxf3 {[%clk 1:21:53]} c6 {[%clk 1:31:04]} 10. a4
{[%clk 1:20:19]} a5 {[%clk 1:29:17]} 11. Be2 {[%clk 1:18:25]} exd4
{[%clk 1:18:06]} 12. Qxd4 {[%clk 1:15:10]} Nc5 {[%clk 1:17:24]} 13. Qc4
{[%clk 1:06:22]} Qb6 {[%clk 1:09:31]} 14. Bxc5 {[%clk 1:00:04]} Qxc5
{[%clk 1:09:35]} 15. Qxc5 {[%clk 1:00:28]} dxc5 {[%clk 1:09:53]} 16. Rad1
{[%clk 0:59:05]} Rad8 {[%clk 1:08:28]} 17. Rxd8 {[%clk 0:53:46]} Rxd8
{[%clk 1:07:26]} 18. Rd1 {[%clk 0:54:14]} Rd4 {[%clk 1:07:31]} 19. e5
{[%clk 0:53:42]} Nd7 {[%clk 1:06:26]} 20. f4 {[%clk 0:53:52]} Nb6
{[%clk 1:05:20]} 21. g3 {[%clk 0:51:46]} c4 {[%clk 0:59:27]} 22. Kg2
{[%clk 0:48:46]} Rxd1 {[%clk 0:59:47]} 23. Nxd1 {[%clk 0:48:45]} Nxa4
{[%clk 0:58:31]} 24. Bxc4 {[%clk 0:49:11]} b5 {[%clk 0:57:00]} 25. Be2
{[%clk 0:48:32]} Nb6 {[%clk 0:54:54]} 26. Bf3 {[%clk 0:46:46]} c5
{[%clk 0:53:54]} 27. Bc6 {[%clk 0:45:06]} b4 {[%clk 0:53:23]} 28. b3
{[%clk 0:45:23]} c4 {[%clk 0:53:33]} 29. Ne3 {[%clk 0:45:07]} c3 {[%clk 0:45:00]}
30. Nd5 {[%clk 0:44:12]} a4 {[%clk 0:39:03]} 31. Nxe7+ {[%clk 0:42:22]} Kf8
{[%clk 0:37:37]} 32. Bxa4 {[%clk 0:42:34]} Kxe7 {[%clk 0:35:23]} 33. Bc6
{[%clk 0:42:33]} f6 {[%clk 0:33:31]} 34. exf6+ {[%clk 0:38:35]} Kxf6
{[%clk 0:32:02]} 35. Kf3 {[%clk 0:38:17]} g5 {[%clk 0:25:38]} 36. fxg5+
{[%clk 0:37:39]} Kxg5 {[%clk 0:26:07]} 37. Ke4 {[%clk 0:36:48]} Nc4
{[%clk 0:24:19]} 38. Kd4 {[%clk 0:36:57]} Nd2 {[%clk 0:23:59]} 39. Bd5
{[%clk 0:36:22]} Kf5 {[%clk 0:17:29]} 40. Kc5 {[%clk 0:34:55]} Ke5
{[%clk 0:17:19]} 41. Bg8 {[%clk 0:35:19]} h6 {[%clk 0:15:22]} 42. Kxb4
{[%clk 0:35:45]} Kd4 {[%clk 0:15:47]} 43. Ka5 {[%clk 0:35:18]} Ne4
{[%clk 0:14:33]} 44. b4 {[%clk 0:35:34]} Nxg3 {[%clk 0:13:19]} 45. b5
{[%clk 0:35:58]} Kc5 {[%clk 0:09:21]} 46. b6 {[%clk 0:35:03]} Nf5
{[%clk 0:07:19]} 47. Ka6 {[%clk 0:32:41]} Nd4 {[%clk 0:06:07]} 48. Bh7
{[%clk 0:32:50]} Nc6 {[%clk 0:04:06]} 49. Be4 {[%clk 0:33:14]} Nb4+
{[%clk 0:01:54]} 50. Ka7 {[%clk 0:33:40]} Kd4 {[%clk 0:02:05]} 51. Bh7
{[%clk 0:32:30]} Nc6+ {[%clk 0:00:49]} 52. Ka8 {[%clk 0:32:55]} Kd5 1-0

[Event "Moscow Open 2018 F"]
[Site "?"]
[Date "2018.02.02"]
[Round "8.12"]
[White "Velichko, Arseny"]
[Black "Meyer, Henrik"]
[Result "0-1"]
[BlackElo "2086"]
[WhiteElo "2155"]
[LiveChessVersion "1.4.8"]

1. d4 {[%clk 1:30:58]} c5 {[%clk 1:25:26]} 2. d5 {[%clk 1:31:12]} Nf6
{[%clk 1:25:51]} 3. c4 {[%clk 1:31:38]} e6 {[%clk 1:26:17]} 4. Nc3
{[%clk 1:32:05]} exd5 {[%clk 1:26:44]} 5. cxd5 {[%clk 1:32:31]} d6
{[%clk 1:27:11]} 6. Nf3 {[%clk 1:32:51]} g6 {[%clk 1:27:32]} 7. Bf4
{[%clk 1:33:15]} Bg7 {[%clk 1:27:48]} 8. Qa4+ {[%clk 1:33:40]} Bd7
{[%clk 1:28:10]} 9. Qb3 {[%clk 1:34:09]} b5 {[%clk 1:28:21]} 10. Bxd6
{[%clk 1:32:20]} Qb6 {[%clk 1:28:45]} 11. Be5 {[%clk 1:31:52]} O-O
{[%clk 1:29:09]} 12. e3 {[%clk 1:31:51]} c4 {[%clk 1:29:25]} 13. Qd1
{[%clk 1:32:05]} b4 {[%clk 1:29:41]} 14. Ne2 {[%clk 1:31:51]} Rc8
{[%clk 1:25:56]} 15. Rc1 {[%clk 1:23:24]} Qa5 {[%clk 1:24:15]} 16. Qd4
{[%clk 1:21:54]} Nxd5 {[%clk 1:16:36]} 17. Bxg7 {[%clk 1:18:55]} Nc6
{[%clk 1:16:54]} 18. Qd2 {[%clk 1:19:06]} Kxg7 {[%clk 1:16:31]} 19. Rxc4
{[%clk 1:18:15]} Qxa2 {[%clk 1:12:24]} 20. Nc1 {[%clk 1:17:54]} Qa5
{[%clk 1:06:06]} 21. Nb3 {[%clk 1:16:47]} Qa2 {[%clk 1:05:34]} 22. Nc5
{[%clk 1:09:11]} Nb6 {[%clk 1:02:08]} 23. Rc1 {[%clk 1:05:32]} Bg4
{[%clk 0:55:44]} 24. Be2 {[%clk 0:44:55]} Rd8 {[%clk 0:54:28]} 25. Qc2
{[%clk 0:45:18]} Rac8 {[%clk 0:53:25]} 26. O-O {[%clk 0:44:20]} Bxf3
{[%clk 0:52:51]} 27. Ra1 {[%clk 0:36:37]} Qd5 {[%clk 0:51:53]} 28. Bxf3
{[%clk 0:36:14]} Qg5 {[%clk 0:51:35]} 29. Nb7 {[%clk 0:21:29]} Ne5
{[%clk 0:50:29]} 30. Qe4 {[%clk 0:17:10]} Rc4 {[%clk 0:47:21]} 31. Nxd8
{[%clk 0:17:12]} Rxe4 {[%clk 0:47:36]} 32. Ne6+ {[%clk 0:17:29]} fxe6
{[%clk 0:47:56]} 33. Rxa7+ {[%clk 0:17:47]} Kh6 {[%clk 0:45:46]} 34. Bxe4
{[%clk 0:18:15]} Nec4 {[%clk 0:45:55]} 35. f4 {[%clk 0:16:55]} Qd8
{[%clk 0:43:24]} 36. g4 {[%clk 0:17:00]} Nd7 {[%clk 0:41:39]} 37. g5+
{[%clk 0:09:45]} Kg7 {[%clk 0:42:02]} 38. Rd1 {[%clk 0:08:00]} Ncb6
{[%clk 0:42:26]} 39. Bc6 {[%clk 0:07:45]} Qb8 {[%clk 0:42:36]} 40. Rb7
{[%clk 0:02:12]} Qc8 {[%clk 0:42:16]} 41. Rd6 {[%clk 0:01:52]} Kf7
{[%clk 0:40:27]} 42. e4 {[%clk 0:01:41]} Ke7 {[%clk 0:35:30]} 43. e5
{[%clk 0:01:56]} Kf8 {[%clk 0:32:19]} 44. Rxe6 {[%clk 0:00:47]} Qa8
{[%clk 0:30:19]} 45. Kg2 {[%clk 0:00:36]} Qa2 {[%clk 0:29:20]} 46. Rd6
{[%clk 0:00:37]} Qxb2+ {[%clk 0:29:12]} 47. Kg3 {[%clk 0:00:52]} Qc3+
{[%clk 0:28:43]} 48. Kg4 {[%clk 0:01:02]} Qc2 {[%clk 0:26:09]} 49. e6
{[%clk 0:01:09]} h5+ {[%clk 0:21:56]} 50. Kg3 {[%clk 0:00:50]} h4+
{[%clk 0:19:29]} 51. Kh3 {[%clk 0:00:35]} Qf5+ {[%clk 0:18:21]} 52. Kg2
{[%clk 0:01:04]} Qg4+ {[%clk 0:18:32]} 53. Kh1 {[%clk 0:01:24]} Qe2
{[%clk 0:17:40]} 54. h3 {[%clk 0:00:38]} Qf1+ {[%clk 0:17:57]} 55. Kh2
{[%clk 0:01:06]} Qxf4+ {[%clk 0:18:21]} 56. Kg1 {[%clk 0:01:22]} Qxd6
{[%clk 0:17:10]} 57. exd7 {[%clk 0:01:38]} Nxd7 {[%clk 0:17:31]} 58. Bxd7
{[%clk 0:02:01]} Qg3+ {[%clk 0:17:50]} 0-1

[Event "Moscow Open 2018 F"]
[Site "?"]
[Date "2018.02.02"]
[Round "8.13"]
[White "Alieva, Alexandra"]
[Black "Jaiswal, Rupesh"]
[Result "0-1"]
[BlackElo "2152"]
[WhiteElo "2100"]
[LiveChessVersion "1.4.8"]

1. e4 {[%clk 1:22:31]} e6 {[%clk 1:30:59]} 2. d4 {[%clk 1:22:55]} d5
{[%clk 1:31:27]} 3. Nd2 {[%clk 1:23:19]} Nf6 {[%clk 1:31:53]} 4. Bd3
{[%clk 1:23:44]} c5 {[%clk 1:32:07]} 5. c3 {[%clk 1:24:09]} Nc6 {[%clk 1:32:35]}
6. Ngf3 {[%clk 1:24:31]} cxd4 {[%clk 1:27:58]} 7. cxd4 {[%clk 1:24:36]} Qb6
{[%clk 1:28:17]} 8. O-O {[%clk 1:23:43]} Be7 {[%clk 1:27:43]} 9. a3
{[%clk 1:22:35]} O-O {[%clk 1:26:49]} 10. e5 {[%clk 1:22:49]} Ne8
{[%clk 1:25:32]} 11. Nb3 {[%clk 1:22:29]} f5 {[%clk 1:23:25]} 12. exf6
{[%clk 1:19:59]} Nxf6 {[%clk 1:23:38]} 13. Bg5 {[%clk 1:18:35]} Bd7
{[%clk 1:16:29]} 14. Ne5 {[%clk 1:09:16]} Be8 {[%clk 1:13:12]} 15. Bb1
{[%clk 1:04:36]} h6 {[%clk 0:36:31]} 16. Bh4 {[%clk 0:42:26]} Bh5
{[%clk 0:27:55]} 17. Qc2 {[%clk 0:38:18]} Nxe5 {[%clk 0:27:08]} 18. dxe5
{[%clk 0:28:01]} Rac8 {[%clk 0:26:53]} 19. Qd3 {[%clk 0:26:52]} Ne4
{[%clk 0:26:42]} 20. Bg3 {[%clk 0:05:52]} Bg6 {[%clk 0:25:28]} 21. Ba2
{[%clk 0:01:53]} Kh7 {[%clk 0:20:21]} 22. Qd4 {[%clk 0:02:11]} Qa6
{[%clk 0:20:07]} 23. Rac1 {[%clk 0:02:21]} b6 {[%clk 0:18:42]} 24. Bb1
{[%clk 0:01:27]} Bg5 {[%clk 0:13:03]} 25. Rxc8 {[%clk 0:01:27]} Rxc8
{[%clk 0:13:03]} 26. Qd3 {[%clk 0:01:31]} Qxd3 {[%clk 0:12:19]} 27. Bxd3
{[%clk 0:01:58]} Nd2 {[%clk 0:12:20]} 28. Ba6 {[%clk 0:00:56]} Rc2
{[%clk 0:11:18]} 29. Nxd2 {[%clk 0:00:56]} Bxd2 {[%clk 0:11:31]} 30. b4
{[%clk 0:00:42]} Rc1 {[%clk 0:08:02]} 31. f3 {[%clk 0:00:57]} Rxf1+
{[%clk 0:07:03]} 32. Kxf1 {[%clk 0:01:24]} Bc1 {[%clk 0:07:17]} 33. a4
{[%clk 0:01:52]} Kg8 {[%clk 0:04:49]} 34. Bf2 {[%clk 0:01:23]} Bd2
{[%clk 0:04:12]} 35. a5 {[%clk 0:01:20]} bxa5 {[%clk 0:04:08]} 36. bxa5
{[%clk 0:01:46]} Bxa5 {[%clk 0:04:09]} 37. Bxa7 {[%clk 0:02:09]} Bc3
{[%clk 0:04:34]} 38. Bb8 {[%clk 0:01:48]} Kf7 {[%clk 0:04:49]} 39. g4
{[%clk 0:01:56]} Bd2 {[%clk 0:04:29]} 40. Ke2 {[%clk 0:01:15]} Bf4
{[%clk 0:04:43]} 41. h3 {[%clk 0:01:42]} Ke8 {[%clk 0:03:26]} 42. Bc8
{[%clk 0:01:40]} Kf7 {[%clk 0:02:44]} 43. Bd6 {[%clk 0:02:03]} Bb1
{[%clk 0:02:44]} 44. Ba6 {[%clk 0:02:17]} Ke8 {[%clk 0:02:16]} 45. Bb5+
{[%clk 0:02:16]} Kd8 {[%clk 0:01:52]} 46. Kd1 {[%clk 0:02:04]} Kc8
{[%clk 0:01:36]} 47. Ba6+ {[%clk 0:01:57]} Kd7 {[%clk 0:02:01]} 48. Bb5+
{[%clk 0:02:24]} Kd8 {[%clk 0:01:57]} 49. Ke2 {[%clk 0:02:50]} Bg6
{[%clk 0:02:04]} 50. Ba6 {[%clk 0:02:41]} Be8 {[%clk 0:01:45]} 51. Bd3
{[%clk 0:02:50]} Bc6 {[%clk 0:01:39]} 52. Ba6 {[%clk 0:02:37]} Kd7
{[%clk 0:01:37]} 53. Bd3 {[%clk 0:02:57]} Ba4 {[%clk 0:01:13]} 54. Ba6
{[%clk 0:02:15]} Bc6 {[%clk 0:01:05]} 55. Bd3 {[%clk 0:02:41]} Kc8
{[%clk 0:01:23]} 56. Ba6+ {[%clk 0:03:03]} Kd8 {[%clk 0:01:50]} 57. Bd3
{[%clk 0:03:23]} Kd7 {[%clk 0:02:06]} 58. Ba6 {[%clk 0:02:47]} Ba4
{[%clk 0:02:29]} 59. h4 {[%clk 0:01:55]} Bc6 {[%clk 0:02:03]} 60. Bd3
{[%clk 0:02:14]} Kc8 {[%clk 0:02:25]} 61. Ba6+ {[%clk 0:02:22]} Kd8
{[%clk 0:02:51]} 62. h5 {[%clk 0:02:45]} Kd7 {[%clk 0:03:15]} 63. Bb8
{[%clk 0:02:44]} Ba4 {[%clk 0:02:40]} 64. Bd6 {[%clk 0:03:06]} Bc6
{[%clk 0:01:33]} 65. Bd3 {[%clk 0:03:21]} Kc8 {[%clk 0:01:42]} 66. Ba6+
{[%clk 0:03:48]} Kd8 {[%clk 0:02:06]} 67. Bb8 {[%clk 0:02:07]} Kd7
{[%clk 0:02:11]} 68. Bd6 {[%clk 0:02:28]} Ba4 {[%clk 0:01:55]} 69. Bb8
{[%clk 0:02:49]} Kc6 {[%clk 0:01:31]} 70. Bc8 {[%clk 0:02:46]} Bb5+
{[%clk 0:01:39]} 71. Kd1 {[%clk 0:02:10]} d4 {[%clk 0:02:05]} 72. Bxe6
{[%clk 0:01:34]} d3 {[%clk 0:02:29]} 73. Bb3 {[%clk 0:01:57]} Kc5
{[%clk 0:02:45]} 74. Ke1 {[%clk 0:00:37]} Kb4 {[%clk 0:02:43]} 75. Bd1
{[%clk 0:01:02]} Be3 0-1

[Event "Moscow Open 2018 F"]
[Site "?"]
[Date "2018.02.02"]
[Round "8.14"]
[White "Vasilyev, Vasily"]
[Black "Mamontova, Anastasia"]
[Result "1-0"]
[BlackElo "2074"]
[WhiteElo "2299"]
[LiveChessVersion "1.4.8"]

1. d4 {[%clk 1:30:57]} e6 {[%clk 1:23:44]} 2. c4 {[%clk 1:31:17]} Bb4+
{[%clk 1:24:09]} 3. Bd2 {[%clk 1:31:37]} a5 {[%clk 1:24:34]} 4. Nf3
{[%clk 1:31:58]} Nf6 {[%clk 1:24:16]} 5. g3 {[%clk 1:32:08]} d5 {[%clk 1:24:16]}
6. Bg2 {[%clk 1:32:10]} dxc4 {[%clk 1:24:40]} 7. Qc2 {[%clk 1:24:36]} Bxd2+
{[%clk 1:24:35]} 8. Nbxd2 {[%clk 1:24:54]} b5 {[%clk 1:24:57]} 9. a4
{[%clk 1:21:24]} c6 {[%clk 1:25:16]} 10. Ne5 {[%clk 1:20:42]} Nd5
{[%clk 1:21:48]} 11. O-O {[%clk 1:20:21]} f6 {[%clk 1:12:34]} 12. Nef3
{[%clk 1:20:44]} Bb7 {[%clk 1:10:02]} 13. e4 {[%clk 1:08:16]} Nb6
{[%clk 1:02:15]} 14. b3 {[%clk 1:08:13]} cxb3 {[%clk 1:01:56]} 15. Qxb3
{[%clk 1:08:27]} Qd7 {[%clk 1:00:20]} 16. axb5 {[%clk 1:04:44]} cxb5
{[%clk 1:00:33]} 17. Rfb1 {[%clk 1:02:36]} b4 {[%clk 0:57:20]} 18. Bh3
{[%clk 1:02:56]} Bc8 {[%clk 0:53:19]} 19. d5 {[%clk 1:00:52]} Qe7
{[%clk 0:48:43]} 20. Nd4 {[%clk 0:31:49]} e5 {[%clk 0:37:54]} 21. Bxc8
{[%clk 0:29:49]} exd4 {[%clk 0:34:23]} 22. Be6 {[%clk 0:30:06]} N8d7
{[%clk 0:33:58]} 23. Qd3 {[%clk 0:30:00]} Qd6 {[%clk 0:29:52]} 24. Qb5
{[%clk 0:27:35]} Qc5 {[%clk 0:30:15]} 25. Bxd7+ {[%clk 0:27:04]} Nxd7
{[%clk 0:30:40]} 26. Qxc5 {[%clk 0:23:34]} Nxc5 {[%clk 0:31:03]} 27. Rxb4
{[%clk 0:23:59]} a4 {[%clk 0:19:01]} 28. Rc4 {[%clk 0:24:23]} Ra5
{[%clk 0:19:13]} 29. Rac1 {[%clk 0:24:33]} Nb3 {[%clk 0:17:13]} 30. Nxb3
{[%clk 0:18:21]} axb3 {[%clk 0:17:38]} 31. Rc8+ {[%clk 0:18:17]} Kd7
{[%clk 0:18:04]} 32. Rxh8 {[%clk 0:16:25]} b2 {[%clk 0:17:46]} 33. Rf1
{[%clk 0:16:28]} Rb5 {[%clk 0:17:37]} 34. Rb1 {[%clk 0:15:49]} d3
{[%clk 0:18:03]} 35. Kf1 {[%clk 0:15:44]} Kd6 {[%clk 0:12:40]} 36. Ke1
{[%clk 0:15:44]} Ke5 {[%clk 0:11:21]} 37. Re8+ {[%clk 0:16:03]} Kd4
{[%clk 0:11:27]} 38. Kd2 {[%clk 0:16:27]} Kc4 {[%clk 0:10:50]} 39. d6
{[%clk 0:16:45]} 1-0